Statistics for Thai Airways-Bangkok

Click here to take the quiz!

General Stats

  • This quiz has been taken 41 times
  • The average score is 54 of 60

Answer Stats

CountryAirport% Correct
ItalyRome
100%
South KoreaSeoul
100%
IndiaMumbai
100%
AustraliaMelbourne
100%
JapanTokyo-Haneda
100%
JapanTokyo-Narita
100%
Hong KongHong Kong
100%
FranceParis-Charles De Gaulle
100%
ItalyMilan-Malpensa
100%
RussiaMoscow-Domodedovo
100%
UAEDubai
100%
ChinaBeijing
100%
UKLondon-Heathrow
100%
VietnamHanoi
100%
AustraliaSydney
100%
AustraliaPerth
100%
Sri LankaColombo
97%
SwedenStockholm
97%
SingaporeSingapore
97%
PhilippinesManila
97%
SwitzerlandZurich
97%
NorwayOslo
97%
New ZealandAuckland
97%
NepalKathmandu
97%
MalaysiaKuala Lumpur
97%
AustraliaBrisbane
97%
VietnamHo Chi Minh City
97%
IndonesiaJakarta
97%
GermanyMunich
97%
AustriaVienna
97%
BangladeshDhaka
97%
BelgiumBrussels
97%
ChinaShanghai
97%
IndiaChennai
97%
GermanyFrankfurt
97%
ThailandPhuket
93%
CambodiaPhnom Penh
93%
ChinaGuangzhou
93%
DenmarkCopenhagen
93%
PakistanKarachi
93%
JapanOsaka
93%
IndiaDelhi
90%
PakistanIslamabad
90%
IndiaKolkata
90%
OmanMuscat
87%
IndiaBangalore
87%
South KoreaBusan
80%
JapanSapporo
80%
PakistanLahore
80%
IndonesiaDenpasar
80%
LaosVientiane
77%
IndiaHyderabad
77%
MyanmarYangon
73%
ThailandChiang Mai
73%
ChinaChengdu
70%
JapanNagoya
70%
ChinaXiamen
63%
JapanFukuoka
53%
ChinaKunming
40%
ThailandKrabi
37%

Score Distribution

Percentile by Number Answered

Percent of People with Each Score

Your Score History

You have not taken this quiz